Online
Catalog

Costos de producción para 1998 y variables básicas para el análisis del crédito agrícola. (Record no. 27322)

MARC details
000 -CABECERA
campo de control de longitud fija 00496nam a2200145 a 4500
001 - NÚMERO DE CONTROL
campo de control 000027830
005 - FECHA Y HORA DE LA ÚLTIMA TRANSACCIÓN
campo de control 20241110163406.0
008 - DATOS DE LONGITUD FIJA--INFORMACIÓN GENERAL
campo de control de longitud fija 110405s1997 dr 000 0 spa d
040 ## - FUENTE DE LA CATALOGACIÓN
Centro catalogador/agencia de origen DO-SdBNP
Lengua de catalogación spa
Centro/agencia transcriptor BNPHU
049 ## - FONDOS LOCALES (OCLC)
Fondos de biblioteca BNPD
110 2# - ENTRADA PRINCIPAL--NOMBRE DE ENTIDAD CORPORATIVA
Nombre de entidad corporativa o nombre de jurisdicción como elemento de entrada Banco Agrícola de la República Dominicana
9 (RLIN) 7210
245 10 - MENCIÓN DE TÍTULO
Título Costos de producción para 1998 y variables básicas para el análisis del crédito agrícola.
260 ## - PUBLICACIÓN, DISTRIBUCIÓN, ETC.
Lugar de publicación, distribución, etc. Santo Domingo :
Nombre del editor, distribuidor, etc. Banco Agrícola,
Fecha de publicación, distribución, etc. [1997].
300 ## - DESCRIPCIÓN FÍSICA
Extensión 195 p. ; :
Otras características físicas + CD ;
Dimensiones 28 cm.
Holdings
Estado de retiro Estado de pérdida No para préstamo Código de colección Localización permanente Ubicación/localización actual Ubicación en estantería Fecha de adquisición Número de inventario Total de préstamos Signatura topográfica completa Código de barras Fecha visto por última vez Precio válido a partir de Tipo de ítem Koha Número de copia
    Excluido de préstamo Patrimonio Dominicano Patrimonio Dominicano Patrimonio Dominicano En catalogación 05.04.2011 LF1   27830-10 25.06.2020 25.06.2020 Libro y Folleto Colección Patrimonio Dominicano  
  Extraviado Excluido de préstamo Patrimonio Dominicano Patrimonio Dominicano Patrimonio Dominicano Extraviado 06.06.2011 LF1   27830-20 25.06.2020 25.06.2020 Libro y Folleto Colección Patrimonio Dominicano e. 2

Powered by Koha